| 000 | 01039nam a2200241Ia 4500 | ||
|---|---|---|---|
| 999 |
_c51219 _d51219 |
||
| 001 | 18179 | ||
| 003 | GE_BSU | ||
| 005 | 20190919105250.0 | ||
| 008 | 181216s2016||||ge |||||||||||||| ||geo|| | ||
| 020 | _a9789941465192 | ||
| 040 | _cGE_BSU | ||
| 041 | _ageo | ||
| 080 | _a61 ლ-28 | ||
| 100 |
_aლაუნი, ბერნარდ . _94100 |
||
| 245 |
_aექიმობის მივიწყებული ხელოვნება / _cბერნარდ ლაუნი ; მთარგმნ : ჯ . ლეჟავა ; ლეჟავა , ი. |
||
| 264 |
_aთბილისი : _bმწიგნობარი, _c2016. |
||
| 300 |
_a149 გვ .: _c25 სმ |
||
| 653 | _aექიმობის მივიწყებული ხელოვნება | ||
| 653 | _aმედიცინა | ||
| 700 |
_aლეჟავ , ჯიმშერ _eმთარგმნელი _94101 |
||
| 700 |
_aლეჟავა ,იაკობ _eმთარგმნელი _94102 |
||
| 942 |
_cBK _2udc |
||